| 000 | 01076pab a2200181 454500 | ||
|---|---|---|---|
| 008 | 180718b2010 xxu||||| |||| 00| 0 eng d | ||
| 100 | _aParsons, Craig | ||
| 245 | _aRevisiting the single European act (and the common wisdom on globalization) | ||
| 260 | _c2010 | ||
| 300 | _ap.706-34. | ||
| 362 | _aJun | ||
| 520 | _aThe European program of liberaliztion launched by the Single European Act (SEA) of 1987 is commonly seen as a powerful instance of "globalization" trends of economic integration, liberalization, and international institution building. This article revisits the origins of the SEA to argue that the extent and success of its liberalizing program depended on a causally distinct push for European institutional reform. A retracing of concrete political patterns behind the SEA greatly streng;thens broader statistical and theoretical challenges to the notion of strong universal trends of globalization. - Reproduced. | ||
| 650 | _aEuropean Union | ||
| 650 | _aGlobalization | ||
| 773 | _aComparative Political Studies | ||
| 908 | _aN | ||
| 909 | _a87114 | ||
| 999 |
_c87114 _d87114 |
||